Cuentos de Navidad (Registro nro. 5250)
[ vista simple ]
| 000 -CABECERA | |
|---|---|
| campo de control de longitud fija | 00605nam a2200205 4500 |
| 003 - IDENTIFICADOR DEL NÚMERO DE CONTROL | |
| campo de control | DO-SdBJH |
| 005 - FECHA Y HORA DE LA ÚLTIMA TRANSACCIÓN | |
| campo de control | 20190312144720.0 |
| 008 - DATOS DE LONGITUD FIJA--INFORMACIÓN GENERAL | |
| campo de control de longitud fija | 190312b ||||| |||| 00| 0 spa d |
| 020 ## - NÚMERO INTERNACIONAL ESTÁNDAR DEL LIBRO | |
| Número Internacional Estándar del Libro | 9945406442 |
| 040 ## - FUENTE DE LA CATALOGACIÓN | |
| Centro catalogador/agencia de origen | DO-SdBJH |
| Lengua de catalogación | spa |
| Centro/agencia transcriptor | DO-SdBJH |
| 082 ## - NÚMERO DE LA CLASIFICACIÓN DECIMAL DEWEY | |
| Número de clasificación | 808.3 |
| Número de documento/Ítem | D548c |
| 100 #1 - ENTRADA PRINCIPAL--NOMBRE DE PERSONA | |
| Autor Personal | Dickens, Charles |
| Fechas asociadas al autor | 1812-1870 |
| 245 10 - MENCIÓN DE TÍTULO | |
| Título | Cuentos de Navidad |
| Mención de responsabilidad, etc. | Charles Dickens |
| 260 ## - PUBLICACIÓN, DISTRIBUCIÓN, ETC. | |
| Lugar de publicación, distribución, etc. | Santo Domingo |
| Nombre del editor, distribuidor, etc. | editora Alfa y Omega |
| Fecha de publicación, distribución, etc. | 2006 |
| 300 ## - DESCRIPCIÓN FÍSICA | |
| Extensión | 111 páginas |
| Otras características físicas | ilustrado |
| 490 ## - MENCIÓN DE SERIE | |
| Mención de serie | Colección Clásicos Universales Tobogán |
| 504 ## - NOTA DE BIBLIOGRAFÍA, ETC. | |
| Nota de bibliografía, etc. | Incluye indice |
| 650 ## - PUNTO DE ACCESO ADICIONAL DE MATERIA--TÉRMINO DE MATERIA | |
| Término de materia o nombre geográfico como elemento de entrada | Literatura Británica |
| Subdivisión general | Cuento |
| 942 ## - ELEMENTOS DE PUNTO DE ACCESO ADICIONAL (KOHA) | |
| Fuente del sistema de clasificación o colocación | Dewey Decimal Classification |
| Tipo de ítem Koha | Libros |
| Estado de retiro | Estado de pérdida | Fuente del sistema de clasificación o colocación | Estado dañado | No para préstamo | Código de colección | Localización permanente | Ubicación/localización actual | Ubicación en estantería | Fecha de adquisición | Número de inventario | Total de préstamos | Signatura topográfica completa | Código de barras | Fecha visto por última vez | Número de copia | Precio válido a partir de | Tipo de ítem Koha |
|---|---|---|---|---|---|---|---|---|---|---|---|---|---|---|---|---|---|
| Dewey Decimal Classification | Colección Dominicana | SIBM UNADE - Biblioteca Academia Militar "Batalla de las Carreras", ERD | SIBM UNADE - Biblioteca Academia Militar "Batalla de las Carreras", ERD | En estantería | 03/12/2019 | 18-AERD-03107 | RD 808.3 D548c 2006 | 18-AERD-03107 | 03/12/2019 | Ej. 1 | 03/12/2019 | Libros |
